[Event "?"]
[Site "Dos Hermanas ESP"]
[Date "1994.??.??"]
[Round "?"]
[White "Karpov, Anatoly"]
[Black "Topalov, Veselin"]
[Result "1-0"]
[WhiteElo "2740"]
[BlackElo "2640"]

1.d4 Cf6 2.Cf3 c5 3.d5 e6 4.Cc3 exd5 5.Cxd5 Cxd5 6.Dxd5 Fe7 7.e4 O-O 8.Fe2
d6 9.O-O Cc6 10.c3 Fe6 11.Dh5 h6 12.Td1 Te8 13.Ff4 Ff8 14.Cd2 g6 15.Df3 d5
16.Dg3 De7 17.exd5 Fxd5 18.Ff1 Df6 19.Cb3 Tad8 20.Td2 Fe6 21.Fc7 Txd2 22.
Cxd2 Ff5 23.Cc4 Te4 24.Ce3 Fc8 25.Td1 Te8 26.h3 Dg5 27.Df3 Rg7 28.Ff4 De7 
29.Cd5 De4 30.Cf6 Rxf6 31.Fe5+ Rxe5 32.Dxe4+ Rxe4 33.Te1+ Rf5 34.Txe8 Fe6 
35.Txf8 Fxa2 36.Tc8 1-0

[Event "Open"]
[Site "Alicante ESP"]
[Date "1992.??.??"]
[Round "9"]
[White "Topalov, Veselin"]
[Black "Garcia Palermo, Carlos"]
[Result "1/2-1/2"]
[WhiteElo "2460"]
[BlackElo "2465"]
[EventDate "1992.??.??"]

1.d4 d5 2.c4 e6 3.Cc3 Cf6 4.Fg5 Fe7 5.e3 O-O 6.Cf3 Cbd7 7.cxd5 exd5 8.Fd3 
c6 9.Dc2 Te8 10.O-O Cf8 1/2-1/2

[Event "It"]
[Site "Linares ESP"]
[Date "1995.??.??"]
[Round "11"]
[White "Shirov, Alexei"]
[Black "Topalov, Veselin"]
[Result "1-0"]
[WhiteElo "2710"]
[BlackElo "2630"]
[EventDate "1995.??.??"]

1.d4 Cf6 2.c4 c5 3.d5 b5 4.cxb5 a6 5.bxa6 g6 6.Cc3 Fxa6 7.e4 Fxf1 8.Rxf1 
d6 9.g3 Fg7 10.Rg2 Cbd7 11.Cf3 O-O 12.Te1 Da5 13.h3 Tfb8 14.e5 dxe5 15.
Cxe5 Cxe5 16.Txe5 Tb7 17.De2 Dd8 18.a4 Ce8 19.Te3 Fd4 20.Td3 Cf6 21.Fe3 
Tb4 22.Tad1 Db6 23.Df3 Td8 24.T1d2 Rg7 25.Te2 Td7 26.Ff4 Txb2 27.a5 Db4 
28.Txb2 Dxb2 29.Ca4 Db5 30.Cb6 Ta7 31.Fd2 Da6 32.g4 Cd7 33.Tb3 Ce5 34.De4 
Cc4 35.Cxc4 Dxc4 36.Tf3 f6 37.g5 f5 38.De6 Da6 39.Tb3 Dxe6 40.dxe6 c4 41.
Tb4 Tc7 42.a6 Tc6 43.a7 Fxa7 44.Fc3+ Rf8 45.Tb7 Tb6 46.Tc7 Txe6 47.Txa7 
1-0

[Event "6. Pedro Zabala Memorial"]
[Site "Bilbao ESP"]
[Date "2004.10.12"]
[Round "10"]
[White "Topalov, Veselin"]
[Black "Bauer, Christian"]
[Result "0-1"]
[WhiteElo "2757"]
[BlackElo "2622"]
[EventDate "2004.10.12"]

1.e4 c5 2.Cf3 b6 3.d4 cxd4 4.Cxd4 Fb7 5.Cc3 a6 6.Fe3 e6 7.Dd2 Dc7 8.f3 Fb4
9.Cb3 Cf6 10.a3 Fxc3 11.Dxc3 Dxc3+ 12.bxc3 d5 13.exd5 Cxd5 14.Fd4 Cc6 15.
Fxg7 Tg8 16.Fd4 Cxd4 17.cxd4 Ce3 18.Rf2 Cxf1 19.Thxf1 Tc8 20.Tfc1 Tc3 21.
Cd2 Re7 22.Tab1 b5 23.a4 Td8 24.Tb4 Tdc8 25.Tb2 Fd5 26.axb5 axb5 27.Cf1 
T8c4 28.Ce3 Txd4 29.Txb5 Fc6 30.Ta5 Td2+ 31.Re1 Td7 32.Re2 f5 33.Cd1 Tc4 
34.Cb2 Tc3 35.Cd3 Tdxd3 36.cxd3 Txc1 37.g4 Tc2+ 38.Re3 fxg4 39.fxg4 Txh2 
40.d4 Tg2 41.Rf4 Rf6 42.Th5 Td2 43.Th6+ Rg7 44.Txe6 Txd4+ 45.Re3 Tc4 46.g5
Fd5 47.Td6 Ff7 48.Rf3 Tc5 49.Rf4 Td5 50.Tb6 Td4+ 51.Re5 Tg4 52.Rf5 Tg1 53.
Tb7 Rf8 54.Tb8+ Fe8 55.Ta8 Tf1+ 56.Rg4 Re7 57.Ta7+ Fd7+ 58.Rg3 Tf5 59.Rh4 
Td5 60.Rh5 Rd6 61.Ta6+ Re5 62.Rh6 Ff5 63.Tf6 Td6 64.Rg7 Fg6 65.Tf1 Td4 66.
Tg1 Rf5 67.Tg2 Tg4 68.Tf2+ Rxg5 69.Tf6 Fe4 70.Th6 Fg6 71.Th1 h5 72.Ta1 h4 
73.Ta3 Ff5 74.Tc3 Tg3 75.Tc1 h3 76.Rf7 Tg2 77.Th1 h2 78.Re7 Fe4 79.Re6 Te2
80.Txh2 Txh2 81.Re5 Fa8 82.Rd6 Te2 83.Rc5 Rf5 84.Rb6 Re5 85.Rc7 Td2 86.Rb6
Tc2 87.Rb5 Rd5 88.Rb6 Tc5 89.Ra7 Fb7 90.Rxb7 Rd6 91.Rb6 Tc1 92.Rb5 Tc5+ 
93.Rb4 Rd5 94.Rb3 Tc4 95.Ra3 Rc5 96.Rb3 Rb5 97.Ra3 Tb4 98.Ra2 Rc4 99.Ra3 
Rc3 100.Ra2 Tb3 101.Ra1 Rc2 102.Ra2 Tc3 103.Ra1 Ta3# 0-1

[Event "Amber Rapidplay"]
[Site "Monaco MNC"]
[Date "2000.03.17"]
[Round "2"]
[White "Topalov, Veselin"]
[Black "Piket, Jeroen"]
[Result "1/2-1/2"]
[WhiteElo "2702"]
[BlackElo "2633"]
[EventDate "2000.03.16"]

1.e4 e5 2.Cf3 Cc6 3.Fb5 a6 4.Fa4 Cf6 5.O-O Fe7 6.Te1 b5 7.Fb3 d6 8.c3 O-O 
9.d4 Fg4 10.d5 Ca5 11.Fc2 Dc8 12.h3 Fd7 13.Cbd2 c6 14.dxc6 Dxc6 15.Cf1 
Tfe8 16.Cg3 Tac8 17.a4 Cc4 18.De2 Fd8 19.Td1 Cb6 20.axb5 axb5 21.Fd3 Ca4 
22.Fg5 h6 23.Fxf6 Fxf6 24.Td2 Cc5 25.Fc2 Fe6 26.Tad1 Tcd8 27.De3 Cb3 28.
Fxb3 Fxb3 29.Te1 Fe6 30.Ch5 Fe7 31.Cg3 Ff6 32.Ch5 Fe7 33.Cg3 Tb8 34.Cf5 
Fxf5 35.exf5 b4 36.Tc1 e4 37.Cd4 Dd7 38.Dxe4 Fg5 39.Dd3 bxc3 40.bxc3 Tbc8 
41.g3 Fxd2 42.Dxd2 De7 43.h4 Tc5 44.Dd3 De4 45.Dd2 Rh7 46.Rh2 Ta5 47.Tf1 
Dd5 48.Rg1 Ta2 49.Dd3 Tb2 50.Ta1 Rg8 51.Tb1 Tee2 52.Cxe2 Dxd3 53.Txb2 Dxf5
54.Td2 De4 55.Rf1 Db1+ 56.Rg2 De1 57.Ta2 d5 58.Ta8+ Rh7 59.Te8 Dd2 60.Te3 
g6 61.Cd4 Rg7 62.Ce2 1/2-1/2

[Event "Amber Rapidplay"]
[Site "Monaco MNC"]
[Date "2000.03.18"]
[Round "3"]
[White "Nikolic, Predrag"]
[Black "Topalov, Veselin"]
[Result "0-1"]
[WhiteElo "2659"]
[BlackElo "2702"]
[EventDate "2000.03.16"]

1.d4 Cf6 2.c4 e6 3.Cf3 c5 4.d5 d6 5.Cc3 exd5 6.cxd5 g6 7.g3 Fg7 8.Fg2 O-O 
9.O-O Te8 10.Ff4 Ca6 11.Cd2 Ch5 12.Fe3 Cc7 13.a4 b6 14.Ff3 Fa6 15.Te1 Txe3
16.fxe3 Cf6 17.Dc2 De7 18.e4 h5 19.e3 Fh6 20.Cd1 Te8 21.Cf2 Cd7 22.b4 Ce5 
23.b5 Fc8 24.Fg2 h4 25.Ta2 hxg3 26.hxg3 Dg5 27.Cf1 Fg7 28.De2 a6 29.Tb1 
Dd8 30.Fh3 Fb7 31.Cd3 f5 32.Cxe5 Fxe5 33.exf5 Dg5 34.Td2 axb5 35.axb5 gxf5
36.Df3 Tf8 37.Fg2 Rg7 38.Tc1 Tf7 39.Tc4 Cxb5 40.Th4 Cc3 41.Fh3 Ce4 42.Tg2 
Dg6 43.g4 Cg5 44.Dxf5 Cf3+ 0-1

[Event "Amber Blindfold"]
[Site "Monaco MNC"]
[Date "2000.03.17"]
[Round "2"]
[White "Piket, Jeroen"]
[Black "Topalov, Veselin"]
[Result "1/2-1/2"]
[WhiteElo "2633"]
[BlackElo "2702"]
[EventDate "2000.03.16"]

1.d4 Cf6 2.c4 e6 3.Cf3 c5 4.d5 d6 5.h3 g6 6.Cc3 exd5 7.cxd5 Fg7 8.e4 O-O 
9.Fd3 b5 10.Fxb5 Cxe4 11.Cxe4 Da5+ 12.Cfd2 Dxb5 13.Cxd6 Da6 14.C2c4 Cd7 
15.O-O Cb6 16.Cxb6 Dxb6 17.Cxc8 Taxc8 18.Tb1 Tfd8 19.Ff4 Db7 20.d6 Ff8 21.
Dd3 Fxd6 22.Fxd6 Tc6 23.Tfd1 Dd7 24.Da3 Txd6 25.Txd6 Dxd6 26.Dxa7 Te8 27.
Da3 Te2 28.Dc3 Db6 29.a4 c4 30.Tf1 Db3 31.Tc1 Dxa4 32.Dd4 Da6 33.Txc4 Txb2
34.Dd8+ Rg7 35.Tc8 Tb1+ 36.Rh2 De6 37.Dd4+ Rh6 38.Tg8 De7 39.h4 f6 40.Dd2+
g5 41.f4 gxh4 42.f5+ Rh5 43.g4+ hxg3+ 44.Txg3 De5 45.Dd7 De2+ 46.Tg2 De5+ 
1/2-1/2

[Event "Amber Blindfold"]
[Site "Monaco MNC"]
[Date "2000.03.18"]
[Round "3"]
[White "Topalov, Veselin"]
[Black "Nikolic, Predrag"]
[Result "1-0"]
[WhiteElo "2702"]
[BlackElo "2659"]
[EventDate "2000.03.16"]

1.d4 Cf6 2.c4 e6 3.Cf3 b6 4.g3 Fa6 5.b3 Fb7 6.Fg2 Fb4+ 7.Fd2 a5 8.O-O O-O 
9.Dc2 Ca6 10.Cc3 d5 11.Tfd1 De7 12.Fg5 h6 13.Fxf6 Dxf6 14.Ce5 Tfd8 15.cxd5
exd5 16.a3 Ff8 17.e4 c6 18.exd5 cxd5 19.Td3 Df5 20.Db2 f6 21.Tf3 De6 22.
Cd3 Cc7 23.Te3 Dd6 24.Cf4 Te8 25.Fh3 Txe3 26.fxe3 Te8 27.Rf2 Fc8 28.Fxc8 
Txc8 29.Db1 Dd7 30.Rg2 f5 31.Dd3 Te8 32.Ta2 Df7 33.h4 Fd6 34.Tf2 Fxa3 35.
h5 Fb4 36.Cg6 De6 37.Ce5 Tf8 38.Ce2 Fd6 39.Cf4 Dc8 40.Cfg6 Tf6 41.g4 f4 
42.exf4 Ce6 43.f5 Cf8 44.Db5 Rh7 45.Dxd5 Fb8 46.Cxf8+ Txf8 47.De4 Fxe5 48.
dxe5 Rh8 49.e6 Dc5 50.g5 De7 51.f6 gxf6 52.gxf6 Tg8+ 53.Rh2 Dc5 54.Df5 Dc1
55.Df4 Dg1+ 56.Rh3 Tg5 57.Df3 De1 58.Te2 1-0

[Event "Amber Rapidplay"]
[Site "Monaco MNC"]
[Date "2000.03.21"]
[Round "5"]
[White "Topalov, Veselin"]
[Black "Gelfand, Boris"]
[Result "1-0"]
[WhiteElo "2702"]
[BlackElo "2692"]
[EventDate "2000.03.16"]

1.e4 c5 2.Cf3 d6 3.d4 cxd4 4.Cxd4 Cf6 5.Cc3 a6 6.f3 e6 7.Fe3 b5 8.Dd2 Cbd7
9.g4 h6 10.O-O-O Fb7 11.h4 b4 12.Ca4 Da5 13.b3 Cc5 14.a3 Cxa4 15.axb4 Dc7 
16.bxa4 d5 17.e5 Cd7 18.f4 Cb6 19.f5 Cxa4 20.fxe6 O-O-O 21.exf7 Cc3 22.e6 
Fxb4 23.Dd3 Ca2+ 24.Rb2 Fc3+ 25.Rb1 Cb4 26.Ff4 Dc5 27.Df5 g6 28.De5 1-0

[Event "Amber Rapidplay"]
[Site "Monaco MNC"]
[Date "2000.03.22"]
[Round "6"]
[White "Topalov, Veselin"]
[Black "Anand, Viswanathan"]
[Result "1/2-1/2"]
[WhiteElo "2702"]
[BlackElo "2769"]
[EventDate "2000.03.16"]

1.e4 e6 2.d4 d5 3.Cc3 dxe4 4.Cxe4 Cd7 5.Cf3 Cgf6 6.Fg5 Fe7 7.Cxf6+ Fxf6 8.
h4 O-O 9.Fxf6 Dxf6 10.De2 b6 11.De4 Tb8 12.Fd3 g6 13.Ce5 c5 14.Fb5 Cxe5 
15.Dxe5 Dxe5+ 16.dxe5 Fb7 17.O-O Tfd8 18.Tfd1 Rf8 19.f3 Re7 20.Rf2 Td5 21.
c4 Txe5 22.Td7+ Rf6 23.Tad1 a6 24.Tc7 axb5 25.Tdd7 Tf8 26.Txb7 bxc4 27.
Txb6 Th5 28.g3 g5 29.hxg5+ Txg5 30.a4 Ta8 31.Tbb7 Tg7 32.Tdc7 Txa4 1/2-1/2

[Event "Amber Rapidplay"]
[Site "Monaco MNC"]
[Date "2000.03.23"]
[Round "7"]
[White "Shirov, Alexei"]
[Black "Topalov, Veselin"]
[Result "1-0"]
[WhiteElo "2751"]
[BlackElo "2702"]
[EventDate "2000.03.16"]

1.e4 c5 2.Cf3 d6 3.d4 cxd4 4.Cxd4 Cf6 5.Cc3 a6 6.Fe3 e5 7.Cb3 Fe6 8.f3 
Cbd7 9.Dd2 b5 10.a4 b4 11.Cd5 Fxd5 12.exd5 Cb6 13.Fxb6 Dxb6 14.a5 Db7 15.
Fc4 Tc8 16.Dd3 Txc4 17.Dxc4 Cxd5 18.De2 Fe7 19.O-O-O Cf4 20.Dd2 O-O 21.g3 
Ce6 22.f4 Tc8 23.Rb1 g6 24.The1 exf4 25.gxf4 Fh4 26.Tf1 Cg7 27.f5 Dc7 28.
fxg6 hxg6 29.Ra2 Ce8 30.Dd4 Fg5 31.Tf2 Fh6 32.Tdf1 f5 33.Tg1 Df7 34.Dd3 
Fg7 35.Dxa6 Tc7 36.Db5 Cf6 37.Tfg2 Cg4 38.h3 Ce5 39.Dxb4 Rh7 40.Dh4+ Fh6 
41.Td1 Cc4 42.Te2 Cxa5 43.Txd6 Cxb3 44.cxb3 Ta7+ 45.Rb1 Dc7 46.Td1 Df4 47.
Te7+ Txe7 48.Dxe7+ Fg7 49.Td7 Df1+ 50.Ra2 Da6+ 51.Rb1 Df1+ 52.Rc2 Dg2+ 53.
Rd3 Df3+ 54.Rc4 Dc6+ 55.Rd3 Df3+ 56.Rc2 Dg2+ 57.Td2 Dc6+ 58.Rb1 Dh1+ 59.
Ra2 Da8+ 60.Da3 De4 61.Td7 De5 62.Te7 Df6 63.Te3 f4 64.Tf3 g5 65.b4 Ff8 
66.Dd3+ Rh6 67.Dc4 De5 68.b5 Fc5 69.Tb3 Dd6 70.b6 Fxb6 71.Da6 Fc5 72.Dxd6+
Fxd6 73.Tb6 Rh5 74.Txd6 Rh4 75.Td5 1-0

[Event "Amber Rapidplay"]
[Site "Monaco MNC"]
[Date "2000.03.26"]
[Round "9"]
[White "Van Wely, Loek"]
[Black "Topalov, Veselin"]
[Result "1-0"]
[WhiteElo "2646"]
[BlackElo "2702"]
[EventDate "2000.03.16"]

1.d4 Cf6 2.c4 g6 3.Cc3 Fg7 4.e4 d6 5.Cf3 O-O 6.Fe2 e5 7.O-O Cc6 8.d5 Ce7 
9.b4 a5 10.Fa3 b6 11.bxa5 Ch5 12.Cb5 Txa5 13.Fb4 Ta6 14.Cd2 Cf4 15.Te1 
Cxe2+ 16.Dxe2 f5 17.a4 fxe4 18.Cxe4 Cf5 19.Dd1 Tf7 20.a5 bxa5 21.Txa5 h6 
22.Da1 Txa5 23.Dxa5 Ff8 24.Da8 Cd4 25.Ca7 Cc2 26.Dxc8 Dxc8 27.Cxc8 Cxb4 
28.Tb1 Cd3 29.Tb7 h5 30.g3 Fh6 31.Rf1 h4 32.Tb3 Cc1 33.Ta3 hxg3 34.hxg3 g5
35.g4 Ff8 36.Re1 c6 37.Ccxd6 cxd5 38.cxd5 Tf4 39.Ta8 Cd3+ 40.Re2 Cb4 41.f3
Cxd5 42.Cf5 Cc7 43.Td8 Ce6 44.Td7 Fg7 45.Cxg5 Cd4+ 46.Cxd4 Txd4 47.Txg7+ 
1-0

[Event "Amber Rapidplay"]
[Site "Monaco MNC"]
[Date "2000.03.27"]
[Round "10"]
[White "Topalov, Veselin"]
[Black "Lautier, Joel"]
[Result "1-0"]
[WhiteElo "2702"]
[BlackElo "2632"]
[EventDate "2000.03.16"]

1.d4 d5 2.c4 e6 3.Cf3 c6 4.Dc2 dxc4 5.Dxc4 Cf6 6.Fg5 Fe7 7.Cbd2 b6 8.e4 
Fa6 9.Dc2 Fxf1 10.Txf1 h6 11.Fxf6 Fxf6 12.O-O-O O-O 13.Rb1 Dc8 14.e5 Fe7 
15.Ce4 Ca6 16.Dd2 Td8 17.g4 c5 18.g5 h5 19.Cf6+ Rf8 20.g6 fxg6 21.Df4 gxf6
22.exf6 Fd6 23.Dh6+ Re8 24.Ce5 Td7 25.dxc5 1-0

[Event "Amber Blindfold"]
[Site "Monaco MNC"]
[Date "2000.03.21"]
[Round "5"]
[White "Gelfand, Boris"]
[Black "Topalov, Veselin"]
[Result "0-1"]
[WhiteElo "2692"]
[BlackElo "2702"]
[EventDate "2000.03.16"]

1.Cf3 d5 2.d4 Cf6 3.c4 e6 4.Cc3 Fe7 5.Fg5 h6 6.Fh4 O-O 7.e3 b6 8.Fd3 Fb7 
9.O-O Cbd7 10.Fg3 Ce4 11.Fxe4 dxe4 12.Cd2 f5 13.Cb5 e5 14.dxe5 Cc5 15.Cd4 
Dc8 16.Dh5 Rh7 17.f3 exf3 18.C2xf3 g6 19.Dh3 Ce4 20.Tad1 c5 21.Cb5 g5 22.
Dh5 Rg7 23.Cd6 Fxd6 24.exd6 Cxg3 25.hxg3 De6 26.Tf2 Tad8 27.Tfd2 Td7 28.
Rh1 Dxe3 29.Td3 De8 30.Dh2 De6 31.Te1 Df6 32.Ted1 Tfd8 33.g4 f4 34.Dg1 Fe4
35.T3d2 Txd6 36.Txd6 Txd6 37.Txd6 Dxd6 38.De1 Dd3 39.b3 Db1 40.Dxb1 Fxb1 
41.a3 Rf6 42.Rg1 Fc2 0-1

[Event "Amber Blindfold"]
[Site "Monaco MNC"]
[Date "2000.03.22"]
[Round "6"]
[White "Anand, Viswanathan"]
[Black "Topalov, Veselin"]
[Result "1-0"]
[WhiteElo "2769"]
[BlackElo "2702"]
[EventDate "2000.03.16"]

1.Cf3 c5 2.c4 g6 3.g3 Fg7 4.Fg2 Cc6 5.O-O e6 6.Cc3 Cge7 7.d3 O-O 8.Fd2 b6 
9.a3 d5 10.Tb1 a5 11.b3 d4 12.Cb5 e5 13.b4 a4 14.Dc1 f6 15.Fh6 Fxh6 16.
Dxh6 Fe6 17.Dc1 Dd7 18.Dc2 Rg7 19.Tb2 g5 20.Tfb1 h6 21.bxc5 bxc5 22.Cd2 f5
23.Cc7 Dxc7 24.Tb7 Dd6 25.Fxc6 Rg6 26.Fg2 Ta6 27.g4 Cg8 28.gxf5+ Fxf5 29.
Ce4 Fxe4 30.Fxe4+ Rh5 31.e3 De6 32.Rh1 Cf6 33.De2+ Rh4 34.Tg1 Cxe4 35.dxe4
d3 36.De1 Tf3 37.Tg3 Df6 38.Df1 g4 39.Dg2 h5 40.Th7 Rg5 41.Dh3 Dh6 42.Txh6
Txh6 43.Df1 Td6 44.Txf3 gxf3 45.h4+ Rh6 46.Dd1 d2 47.Rh2 1-0

[Event "Amber Blindfold"]
[Site "Monaco MNC"]
[Date "2000.03.23"]
[Round "7"]
[White "Topalov, Veselin"]
[Black "Shirov, Alexei"]
[Result "1/2-1/2"]
[WhiteElo "2702"]
[BlackElo "2751"]
[EventDate "2000.03.16"]

1.e4 e5 2.Cf3 Cf6 3.Cxe5 d6 4.Cf3 Cxe4 5.d4 d5 6.Fd3 Fd6 7.O-O O-O 8.c4 c6
9.cxd5 cxd5 10.Cc3 Cxc3 11.bxc3 Fg4 12.Tb1 Cd7 13.h3 Fh5 14.Tb5 Cb6 15.c4 
Fxf3 16.Dxf3 dxc4 17.Fc2 Dd7 18.a4 g6 19.Fd2 c3 20.Dxc3 Tac8 21.Db3 Fb8 
22.Fd1 Dxd4 23.Fe3 Dg7 24.Fg4 Tc7 25.Td1 Te8 26.a5 Tc3 27.Db4 Cc4 28.Fh6 
Df6 29.Txb7 De5 30.f4 De3+ 31.Rh1 Fd6 32.Db5 Ff8 33.Tb8 Cd6 34.Txe8 Cxe8 
35.Fxf8 1/2-1/2

[Event "Amber Blindfold"]
[Site "Monaco MNC"]
[Date "2000.03.26"]
[Round "9"]
[White "Topalov, Veselin"]
[Black "Van Wely, Loek"]
[Result "1/2-1/2"]
[WhiteElo "2702"]
[BlackElo "2646"]
[EventDate "2000.03.16"]

1.e4 c5 2.Cf3 d6 3.d4 cxd4 4.Cxd4 Cf6 5.Cc3 a6 6.f3 e6 7.Fe3 b5 8.g4 h6 9.
Dd2 Cbd7 10.O-O-O Fb7 11.h4 b4 12.Ca4 d5 13.Fh3 g5 14.hxg5 hxg5 15.e5 Cxe5
16.Fxg5 Cc4 17.De2 Tg8 18.Fh4 Fh6+ 19.Rb1 De7 20.The1 Fe3 21.Ff2 Fxf2 22.
Dxf2 O-O-O 23.b3 Ca3+ 24.Rb2 Rb8 25.Ff1 Tc8 26.Dh2+ Ra7 27.Tc1 Cd7 28.c3 
bxc3+ 29.Cxc3 Db4 30.Dd2 Ra8 31.Cb1 Cc4+ 32.Fxc4 Txc4 33.Txc4 Dxd2+ 34.
Cxd2 dxc4 35.Cxc4 Fd5 36.Td1 Fxc4 37.bxc4 Ce5 38.c5 Tc8 39.Cb3 Cxf3 40.Td6
Ce5 41.Rc3 Cxg4 42.Txa6+ Rb7 43.Td6 Ce5 44.Ca5+ Rc7 45.Ta6 Rd7 46.Rd4 Cc6+
47.Cxc6 Txc6 48.Ta8 f5 49.a4 f4 50.Rc4 Tc8 51.Txc8 Rxc8 52.a5 Rb7 53.Rd4 
e5+ 54.Re4 Rc7 55.a6 Rc6 56.Rf3 1/2-1/2

[Event "Amber Blindfold"]
[Site "Monaco MNC"]
[Date "2000.03.27"]
[Round "10"]
[White "Lautier, Joel"]
[Black "Topalov, Veselin"]
[Result "1/2-1/2"]
[WhiteElo "2632"]
[BlackElo "2702"]
[EventDate "2000.03.16"]

1.Cf3 c5 2.c4 g6 3.d4 Fg7 4.d5 d6 5.e4 e6 6.Cc3 exd5 7.cxd5 a6 8.a4 Fg4 9.
Fe2 Fxf3 10.Fxf3 Cf6 11.Db3 De7 12.O-O O-O 13.a5 Cbd7 14.Ff4 Tab8 15.Dc2 
Ce8 16.Tfe1 Cc7 17.Fe2 b5 18.axb6 Txb6 19.Ta2 Tfb8 20.Fd2 Fd4 21.Cd1 Df6 
22.Rh1 h5 23.f4 De7 24.Cc3 Cf6 25.Ff3 Dd7 26.Te2 Cg4 27.Fc1 Dd8 28.g3 Cf6 
29.Rg2 Cd7 30.e5 dxe5 31.f5 Df6 32.fxg6 Dxg6 33.Fe4 Dg7 34.Ff3 h4 35.Te4 
f5 36.Txh4 e4 37.Fe2 Ce5 38.Th5 Tf8 39.Ff4 Cg6 40.Fxc7 Dxc7 41.Fc4 Rg7 42.
Ce2 De5 43.b3 Df6 44.Cf4 Cxf4+ 45.gxf4 Th8 46.Tg5+ Rf8 47.Rh1 Fe3 48.Tg2 
Fxf4 49.Df2 Fd6 50.Dg1 De5 51.Tg6 e3 52.Te6 Dd4 53.Tg2 Fxh2 54.Txh2 Txe6 
55.dxe6 De4+ 56.Dg2 Txh2+ 57.Rxh2 Dh4+ 58.Rg1 De1+ 59.Rh2 Dh4+ 60.Rg1 De1+
61.Ff1 Re7 62.De2 Dg3+ 63.Dg2 De1 64.De2 Dg3+ 65.Dg2 1/2-1/2

[Event "Amber Rapidplay"]
[Site "Monaco MNC"]
[Date "2000.03.28"]
[Round "11"]
[White "Ljubojevic, Ljubomir"]
[Black "Topalov, Veselin"]
[Result "1-0"]
[WhiteElo "2559"]
[BlackElo "2702"]
[EventDate "2000.03.16"]

1.d4 d5 2.Cf3 Cf6 3.c4 e6 4.Cc3 c6 5.e3 Cbd7 6.Dc2 Fd6 7.Fe2 O-O 8.O-O 
dxc4 9.Fxc4 b5 10.Fe2 Fb7 11.Fd2 a6 12.Ce4 Cxe4 13.Dxe4 Tb8 14.Dg4 De7 15.
Tfd1 c5 16.dxc5 Cxc5 17.Fc3 f6 18.Fb4 Tbc8 19.Cd4 f5 20.Dh3 Tf6 21.g3 Th6 
22.Df1 Tf8 23.Ff3 Fxf3 24.Cxf3 Ce4 25.Fxd6 Cxd6 26.Ce5 Ce4 27.Tac1 Db4 28.
De2 Da5 29.a3 b4 30.Cc6 Db6 31.Cxb4 e5 32.Cd5 De6 33.Tc6 Df7 34.Txh6 gxh6 
35.Dxa6 Rg7 36.De2 Tc8 37.Cb4 Db7 38.Df3 Df7 39.g4 Cg5 40.Dxf5 Dxf5 41.
gxf5 Cf3+ 42.Rg2 Ch4+ 43.Rf1 Rf6 44.Cd5+ Rg5 45.f6 e4 46.Cc3 Rxf6 47.Cxe4+
Re5 48.Cc3 1-0

[Event "Amber Blindfold"]
[Site "Monaco MNC"]
[Date "2000.03.28"]
[Round "11"]
[White "Topalov, Veselin"]
[Black "Ljubojevic, Ljubomir"]
[Result "1/2-1/2"]
[WhiteElo "2702"]
[BlackElo "2559"]
[EventDate "2000.03.16"]

1.d4 Cf6 2.c4 e6 3.Cf3 b6 4.g3 Fb4+ 5.Fd2 Fe7 6.Fg2 Fb7 7.Cc3 d5 8.cxd5 
exd5 9.O-O O-O 10.Ff4 Cbd7 11.Db3 c5 12.Tfd1 c4 13.Dc2 a6 14.a4 Cb8 15.b3 
cxb3 16.Dxb3 Cc6 17.Ce5 Cb4 18.Tac1 Tc8 19.Fh3 Tc7 20.Cg4 Tc6 21.Ce3 Fc8 
22.Fxc8 Txc8 23.Fe5 a5 24.Fxf6 Fxf6 25.Cexd5 Cxd5 26.Dxd5 Dxd5 27.Cxd5 
Txc1 28.Cxf6+ gxf6 29.Txc1 Rg7 30.Rg2 Td8 31.Rf3 Txd4 32.Tc6 Txa4 33.Txb6 
Ta1 34.Ta6 a4 35.Rg4 Ta2 36.Rf3 Ta1 37.h4 h5 38.Rf4 Ta2 39.f3 Txe2 40.Txa4
1/2-1/2

[Event "SuperGM"]
[Site "Sarajevo BIH"]
[Date "2000.05.17"]
[Round "1"]
[White "Short, Nigel D"]
[Black "Topalov, Veselin"]
[Result "0-1"]
[WhiteElo "2683"]
[BlackElo "2702"]
[EventDate "2000.05.17"]

1.e4 c5 2.b3 Cc6 3.Fb2 a6 4.f4 e6 5.Cf3 Cf6 6.d3 d5 7.Cbd2 Fe7 8.g3 O-O 9.
e5 Cd7 10.Fg2 b5 11.O-O c4 12.Rh1 cxd3 13.cxd3 a5 14.De2 a4 15.Tfc1 Db6 
16.a3 b4 17.axb4 Fa6 18.bxa4 Cxb4 19.Fd4 Fc5 20.De3 Cxd3 21.Tcb1 Dc7 22.
Ff1 Fxd4 23.Cxd4 C3c5 24.Fb5 g6 25.a5 Tfb8 26.Fxd7 Txb1+ 27.Txb1 Dxd7 28.
Rg1 Tc8 29.Tc1 Cd3 30.Txc8+ Dxc8 31.C2f3 Dc3 32.h4 Da1+ 33.Rh2 Dxa5 34.h5 
Da2+ 35.Rh3 Db1 36.Dg1 Db2 37.Rh4 Cc5 38.hxg6 hxg6 39.Dh2 Da1 40.Rg4 Ce4 
41.Dg1 Db2 42.Dh2 Dc1 43.Dg1 Ff1 44.Rh4 Dd1 45.g4 Rh8 46.Dh2 Dc1 47.g5 Rg8
48.Rg4 Fd3 49.Dg1 Db2 50.Dh2 Da3 51.Rh4 Cc5 52.Dg1 Fe4 53.Ch2 Ff5 54.Cxf5 
exf5 55.Dg2 Ce4 56.Df3 Dc1 57.Cf1 d4 58.Rh3 d3 59.e6 fxe6 60.Cg3 De1 61.
Cxe4 fxe4 62.Dg2 De2 0-1

[Event "SuperGM"]
[Site "Sarajevo BIH"]
[Date "2000.05.18"]
[Round "2"]
[White "Topalov, Veselin"]
[Black "Morozevich, Alexander"]
[Result "1/2-1/2"]
[WhiteElo "2702"]
[BlackElo "2748"]
[EventDate "2000.05.17"]

1.e4 e6 2.d4 d5 3.Cc3 Cf6 4.Fg5 dxe4 5.Cxe4 Fe7 6.Fxf6 gxf6 7.Dd2 b6 8.g3 
Fb7 9.Fg2 Dc8 10.f4 O-O 11.Ff3 Cc6 12.O-O-O Td8 13.Dg2 Cxd4 14.Cxf6+ Fxf6 
15.Fxb7 Dd7 16.Cf3 Tab8 17.c3 Txb7 18.Cxd4 Dd5 1/2-1/2

[Event "SuperGM"]
[Site "Sarajevo BIH"]
[Date "2000.05.19"]
[Round "3"]
[White "Shirov, Alexei"]
[Black "Topalov, Veselin"]
[Result "1-0"]
[WhiteElo "2751"]
[BlackElo "2702"]
[EventDate "2000.05.17"]

1.e4 e6 2.d4 d5 3.Cc3 Cf6 4.Fg5 dxe4 5.Cxe4 Fe7 6.Fxf6 gxf6 7.Cf3 a6 8.c4 
f5 9.Cc3 Ff6 10.Dd2 c5 11.d5 O-O 12.O-O-O e5 13.h4 b5 14.d6 Cc6 15.d7 Fb7 
16.Dd6 e4 17.Cd5 Fg7 18.Cg5 Cd4 19.Ce7+ Rh8 20.Th3 f4 21.Rb1 b4 22.Fe2 f3 
23.gxf3 Cxe2 24.Dxc5 Cf4 25.Df5 Cg6 26.h5 Dxe7 27.hxg6 1-0

[Event "SuperGM"]
[Site "Sarajevo BIH"]
[Date "2000.05.21"]
[Round "5"]
[White "Georgiev, Kiril"]
[Black "Topalov, Veselin"]
[Result "1/2-1/2"]
[WhiteElo "2677"]
[BlackElo "2702"]
[EventDate "2000.05.17"]

1.d4 Cf6 2.c4 e6 3.Cc3 c5 4.Cf3 cxd4 5.Cxd4 Cc6 6.Cdb5 d5 7.Ff4 e5 8.cxd5 
exf4 9.dxc6 bxc6 10.Dxd8+ Rxd8 11.Td1+ Fd7 12.Cd6 Fxd6 13.Txd6 Tb8 14.b3 
Tb4 15.g3 Re7 16.Td2 h5 17.Fg2 h4 18.O-O hxg3 19.fxg3 fxg3 20.hxg3 Th5 21.
Tf3 Te5 22.Cd1 c5 23.Te3 Txe3 24.Cxe3 Fe6 25.Rf2 a5 26.Cd5+ Cxd5 27.Fxd5 
g6 28.Fxe6 Rxe6 29.Re3 a4 30.Td3 f5 31.Rf2 Re5 32.Te3+ Rd5 33.Td3+ Rc6 34.
Re1 axb3 35.axb3 Tg4 36.Rd2 Rb5 37.Tf3 Td4+ 38.Td3 Te4 39.Td8 Tg4 40.Td3 
Rb4 41.Tf3 Td4+ 42.Rc2 Te4 43.Tf4 Txf4 1/2-1/2

[Event "SuperGM"]
[Site "Sarajevo BIH"]
[Date "2000.05.23"]
[Round "6"]
[White "Topalov, Veselin"]
[Black "Movsesian, Sergei"]
[Result "1/2-1/2"]
[WhiteElo "2702"]
[BlackElo "2668"]
[EventDate "2000.05.17"]

1.d4 Cf6 2.c4 g6 3.Cc3 Fg7 4.e4 d6 5.Cf3 O-O 6.Fe2 e5 7.O-O Ca6 8.Fe3 Cg4 
9.Fg5 De8 10.dxe5 dxe5 11.h3 h6 12.Fd2 Cf6 13.Fe3 De7 14.a3 c6 15.b4 Ch5 
16.Te1 Cf4 17.Ff1 Df6 18.Ta2 Te8 19.Td2 Cc7 20.Rh2 g5 21.g3 Cg6 22.c5 Ce6 
23.Ca4 Td8 24.Txd8+ Cxd8 25.Cb2 Fe6 26.Cd2 Ff8 27.Cdc4 Fxc4 28.Cxc4 Ce6 
29.Dg4 Td8 30.Df5 Rg7 31.Dxf6+ Rxf6 32.Fe2 Cd4 33.Td1 Fe7 34.Fg4 Cb5 35.
Txd8 Fxd8 36.Fc8 Ce7 37.Fxb7 Re6 38.f3 f5 39.exf5+ Rd5 40.Cd6 Cxd6 41.cxd6
Cxf5 42.Fxa7 Cxd6 43.Fa6 Cb5 44.Fc5 Cxa3 45.Fd3 h5 46.Rg2 Re6 47.Fe4 Rd7 
48.Ff5+ Rc7 49.Rf2 Cc4 50.Ff8 Ff6 51.Fe6 Cd6 52.Re3 h4 53.g4 Cb5 54.Fc4 
Cd6 55.Fd3 Rd7 56.Fe4 Rc7 57.Rd3 Rd7 58.Rc3 Rc7 59.Rd2 Rd7 60.Ff5+ Rc7 61.
Rd3 Cb7 62.Rc2 Cd6 63.Fd3 Rd7 64.Rb3 Fe7 65.Fg7 Re6 66.Fh7 Ce8 67.Ff5+ Rd6
68.Fh8 Cc7 69.Rc4 Cd5 70.Fg7 Cf4 71.Fh8 Cxh3 72.Rd3 Cf4+ 73.Re4 Ff6 74.
Fxf6 h3 75.Fxg5 h2 76.Ff6 Cd3 77.Rxd3 h1=D 78.Fe4 Re6 79.Fg5 Da1 80.Fd2 
Da6+ 81.Rc2 Dc4+ 82.Rb2 Rd6 83.g5 De2 84.Rc3 c5 1/2-1/2

[Event "SuperGM"]
[Site "Sarajevo BIH"]
[Date "2000.05.24"]
[Round "7"]
[White "Bacrot, Etienne"]
[Black "Topalov, Veselin"]
[Result "0-1"]
[WhiteElo "2594"]
[BlackElo "2702"]
[EventDate "2000.05.17"]

1.d4 d6 2.Cf3 g6 3.c4 Fg7 4.Cc3 c5 5.dxc5 Fxc3+ 6.bxc3 dxc5 7.Dxd8+ Rxd8 
8.Ce5 Fe6 9.g3 Cd7 10.Cxd7 Rxd7 11.Fg2 Cf6 12.Tb1 b6 13.Fxa8 Txa8 14.f3 
Ce8 15.Ff4 Fxc4 16.Tb2 Rc6 17.Td2 Cd6 18.Fxd6 exd6 19.Rf2 d5 20.e4 dxe4 
21.fxe4 Te8 22.Te1 Fe6 23.Rf3 Rb5 24.Rf4 Rc4 25.Te3 a5 26.Rg5 b5 27.Rh6 b4
28.cxb4 axb4 29.Rxh7 Ta8 30.Rg7 Rb5 31.h4 c4 32.g4 c3 33.Tg2 Txa2 0-1

[Event "SuperGM"]
[Site "Sarajevo BIH"]
[Date "2000.05.25"]
[Round "8"]
[White "Topalov, Veselin"]
[Black "Adams, Michael"]
[Result "0-1"]
[WhiteElo "2702"]
[BlackElo "2715"]
[EventDate "2000.05.17"]

1.e4 e5 2.Cf3 Cc6 3.Fb5 a6 4.Fa4 Cf6 5.O-O Fe7 6.Te1 b5 7.Fb3 O-O 8.c3 d5 
9.exd5 Cxd5 10.Cxe5 Cxe5 11.Txe5 c6 12.d4 Fd6 13.Te1 Dh4 14.g3 Dh3 15.Te4 
g5 16.Df3 Ff5 17.Fc2 Fxe4 18.Fxe4 De6 19.Fxg5 f5 20.Fxd5 cxd5 21.Cd2 f4 
22.Fxf4 Fxf4 23.gxf4 Ta7 24.Rh1 Te7 25.Tg1+ Rh8 26.Cf1 De4 27.Rg2 Dxf3+ 
28.Rxf3 Te1 29.Th1 Te4 30.Cd2 Texf4+ 31.Re3 Txf2 32.a4 Tg2 33.axb5 axb5 
34.b3 Tff2 35.Cf3 Tb2 36.b4 Tgc2 37.Rd3 Tf2 38.Re3 Tbe2+ 39.Rd3 Ta2 40.Re3
Tae2+ 41.Rd3 Te4 42.Ce5 Tfe2 0-1